Diversification in farming on the increase (Record no. 116976)
[ view plain ]
| 000 -LEADER | |
|---|---|
| fixed length control field | 01030cam a2200217 4500 |
| 001 - CONTROL NUMBER | |
| control field | WB4004-16 |
| 008 - FIXED-LENGTH DATA ELEMENTS--GENERAL INFORMATION | |
| fixed length control field | 040129n2004 000 0 eng u |
| 035 ## - SYSTEM CONTROL NUMBER | |
| System control number | (Sirsi) u124962 |
| 245 ## - TITLE STATEMENT | |
| Title | Diversification in farming on the increase |
| 260 ## - PUBLICATION, DISTRIBUTION, ETC. | |
| Date of publication, distribution, etc. | 2004 |
| 490 ## - SERIES STATEMENT | |
| Series statement | DEFRA News Release |
| Volume/sequential designation | (24/04) 29 January 2004 (2) |
| 520 ## - SUMMARY, ETC. | |
| Summary, etc. | A new study from DEFRA shows that diversification earnings in England exceeded £100 m for the first time. The "Farm business survey" also found that over half of full-time farmers have diversified and that average earnings in 2002/03 from diversification were £1 800 per farm, a rise of 30% on the previous year. Information on diversification from various sources can be found at http://statistics.defra.gov.uk/esg/reports/divagri .pdf. http://www.defra.gov.uk/news/latest/2004/farm-0104 .htm |
| 590 ## - LOCAL NOTE (RLIN) | |
| Local note | WB |
| 590 ## - LOCAL NOTE (RLIN) | |
| Local note | WB |
| 650 ## - SUBJECT ADDED ENTRY--TOPICAL TERM | |
| Topical term or geographic name entry element | DIVERSIFICATION |
| 650 ## - SUBJECT ADDED ENTRY--TOPICAL TERM | |
| Topical term or geographic name entry element | FARMS |
| 650 ## - SUBJECT ADDED ENTRY--TOPICAL TERM | |
| Topical term or geographic name entry element | FARM INCOME |
| 650 ## - SUBJECT ADDED ENTRY--TOPICAL TERM | |
| Topical term or geographic name entry element | ENGLAND |
| 690 ## - LOCAL SUBJECT ADDED ENTRY--TOPICAL TERM (OCLC, RLIN) | |
| Topical term or geographic name as entry element | RURAL-FARM BUSINESS MANAGEMENT |
| 942 ## - ADDED ENTRY ELEMENTS (KOHA) | |
| Suppress in OPAC | 0 |
| Withdrawn status | Lost status | Source of classification or shelving scheme | Damaged status | Not for loan | Home library | Current library | Shelving location | Date acquired | Total Checkouts | Full call number | Barcode | Date last seen | Copy number | Price effective from | Koha item type |
|---|---|---|---|---|---|---|---|---|---|---|---|---|---|---|---|
| Dewey Decimal Classification | London | London | News article | 29/01/2004 | WB4004-16 | 124962-1001 | 06/08/2019 | 1 | 06/08/2019 | News article |